000 00509nam a22001697a 4500
999 _c178257
_d178257
005 20210323162132.0
010 _aB-230144
020 _a8179912795
035 _aB-230144
082 _a641.5
_bSAN
100 _aKapoor ,Sanjeev
245 _aNo Oil Cooking /
_cSanjeev Kapoor
260 _aMumbai
_bPopular Prakashan Pvt .Ltd.
_c2006
270 _a301 Mahalaxmi Chambers 22, Bhulabhi Desai Road
_bMumbai
_e400026
300 _a148p.
_bcol.ill
_c24cm.(Hb)
942 _2ddc
_cEN
_mSAN
_h641.5